Normal view
MARC view
- Irfan Haider NS Syn#7
Entry Personal Name
001 - CONTROL NUMBER
- control field: 50965
003 - CONTROL NUMBER IDENTIFIER
- control field: NUST
005 - DATE AND TIME OF LATEST TRANSACTION
- control field: 20210314134846.0
008 - FIXED-LENGTH DATA ELEMENTS
- fixed length control field: 210314|| aca||aabn | a|a d
040 ## - CATALOGING SOURCE
- Original cataloging agency: NUST
- Transcribing agency: NUST
100 ## - HEADING--PERSONAL NAME
- Personal name: Irfan Haider NS Syn#7
670 ## - SOURCE DATA FOUND
- Source citation: Work cat.: (NUST): Irfan Haider NS Syn#7, Evaluating the sustainability of a mass transit system , 2016.
